00703 2200193 4500001002100000005001500021035002000036007000300056008003900059082001600098084002200114100002600136245016000162260009600322300004000418650001100458650002700469022001300496INLIS00000000000119920250212082336 a0010-0225000037ta250212 | | |  a632.3-635.2 a632.3-635.2 MUR i0 aMurinto, Sri Winiarti1 aIdentification of Chili Plant Diseases Based on Leaves Using Hyperparameter Optimization Architecture Convolutional Neural Network /cMurinto, Sri Winiarti aUnited Kingdom, West Yorkshire :bScience and Information (SAI) Organization Limited,c2024 a1-8 hlm, :bIlus ;c21 cm x 29,7 cm 4aJurnal 4aPenyakit Tanaman Cabai a21565570